<?xml version="1.0" encoding="UTF-8"?><?xml-stylesheet type="text/xsl" href="static/style.xsl"?><OAI-PMH xmlns="http://www.openarchives.org/OAI/2.0/" xmlns:xsi="http://www.w3.org/2001/XMLSchema-instance" xsi:schemaLocation="http://www.openarchives.org/OAI/2.0/ http://www.openarchives.org/OAI/2.0/OAI-PMH.xsd"><responseDate>2026-06-05T15:51:13Z</responseDate><request verb="GetRecord" identifier="oai:riuma.uma.es:10630/3814" metadataPrefix="marc">https://riuma.uma.es/rest/oai/request</request><GetRecord><record><header><identifier>oai:riuma.uma.es:10630/3814</identifier><datestamp>2026-02-03T12:49:55Z</datestamp><setSpec>com_10630_27</setSpec><setSpec>com_10630_3139</setSpec><setSpec>com_10630_10</setSpec><setSpec>col_10630_574</setSpec></header><metadata><record xmlns="http://www.loc.gov/MARC21/slim" xmlns:dcterms="http://purl.org/dc/terms/" xmlns:doc="http://www.lyncode.com/xoai" xmlns:xsi="http://www.w3.org/2001/XMLSchema-instance" xsi:schemaLocation="http://www.loc.gov/MARC21/slim http://www.loc.gov/standards/marcxml/schema/MARC21slim.xsd">
   <leader>00925njm 22002777a 4500</leader>
   <datafield ind2=" " ind1=" " tag="042">
      <subfield code="a">dc</subfield>
   </datafield>
   <datafield ind2=" " ind1=" " tag="720">
      <subfield code="a">Pastor Díaz, Julio E.</subfield>
      <subfield code="e">author</subfield>
   </datafield>
   <datafield ind2=" " ind1=" " tag="720">
      <subfield code="a">Martín Mosquero, María Angeles</subfield>
      <subfield code="e">author</subfield>
   </datafield>
   <datafield ind2=" " ind1=" " tag="720">
      <subfield code="a">Juan, Rocío</subfield>
      <subfield code="e">author</subfield>
   </datafield>
   <datafield ind2=" " ind1=" " tag="260">
      <subfield code="c">2002</subfield>
   </datafield>
   <datafield ind2=" " ind1=" " tag="520">
      <subfield code="a">Estudio morfológico y anatómico en núculas de Nepeta L. (Lamiaceae) del suroeste de España. Se describe la micromorfología y la anatomía de las núculas en las cinco especies de Nepeta L. presentes en el suroeste de España: N. cataria L., N. amethystina var. anticaria Ladero &amp; Rivas Goday, N. multibracteata Desf., N. tuberosa L. subsp. tuberosa y N. apuleii Ucria, tanto al microscopio óptico (M.O.) como al microscopio electrónico de barrido (M.E.B.). Los resultados han permitido diferenciar tres tipos estructurales atendiendo básicamente a la ornamentación de la núcula. Además, los caracteres anatómicos han permitido delimitar los taxones estudiados fundamentalmente a nivel del epicarpo, mesocarpo y capa en empalizada. La excreción de mucílago en las núculas de N. amethystina var. anticaria ha permitido diferenciar claramente este taxón. Así mismo, atendiendo a los caracteres carpológicos estudiados, se propone una clave para diferenciar los citados taxones.</subfield>
   </datafield>
   <datafield ind1="8" ind2=" " tag="024">
      <subfield code="a">Acta Botánica Malacitana, Nº 27&#xd;
, 2002, Págs. 15&#xd;
-26</subfield>
   </datafield>
   <datafield ind1="8" ind2=" " tag="024">
      <subfield code="a">02109506</subfield>
   </datafield>
   <datafield ind1="8" ind2=" " tag="024">
      <subfield code="a">http://hdl.handle.net/10630/3814</subfield>
   </datafield>
   <datafield ind2="0" ind1="0" tag="245">
      <subfield code="a">Estudio morfológico y anatómico en núculas de Nepeta L. (Lamiaceae) del suroeste de España</subfield>
   </datafield>
</record>
</metadata></record></GetRecord></OAI-PMH>